000 00296nam a2200109Ia 4500
008 220204s9999 xx 000 0 und d
082 _a575.22
_bPOT
245 0 _aPotential for using in vitro techniques for collecting germplasm
260 _aRome
_bIBPGR
_c1984
650 _aGermplasm
942 _cBK
999 _c43488
_d43488